00571nam a2200157 a 450000100100000000500170001000800410002704000250006808200150009324500640010826000620017230000210023470000280025595201130028399900170039600003656820200930075813.0120120s1977 ag 000 0 spa d aDO-SdBNPbspacBNPHU axxxxbH92503aEl humor absurdo /cSelección y notas de Eduardo Stilman. aBuenos Aires, Argentina :bEdiciones Siglo Veinte,c1977. a151 p. ;c20 cm.1 aStilman, Eduardo962836 001050718MOaGRbGRcCTd2012-01-20iLF1l0oxxxx H925p36568-10r2020-06-25w2020-06-25y1ZNo se presta c36059d36059